| 000 | 00481nam a22001937a 4500 | ||
|---|---|---|---|
| 003 | MPLRDC | ||
| 005 | 20220104192829.0 | ||
| 008 | 210129b ||||| |||| 00| 0 eng d | ||
| 020 | _a978-967-419-055-2 | ||
| 082 | _a868.71 ECHO-5 | ||
| 100 | _aECHO 许慧珊 | ||
| 245 |
_a从C9到暴民 _c |
||
| 250 | _a一版一刷 | ||
| 260 |
_a马来西亚 _b大将出版社 _c2013 |
||
| 300 | _b平 | ||
| 490 | _a大将FUSE. 57 | ||
| 650 | _a马华文学 | ||
| 942 |
_cBK _o868.71 ECHO-5 |
||
| 999 |
_c64902 _d64892 |
||